000 00830nam a2200253Ia 4500
003 OSt
005 20220923215648.0
006 a|||||r|||| 00| 0
007 ta
008 220922b |||||||| |||| 00| 0 hin d
024 _a180,660
037 _cTextual
040 _aARTS
_cARTS
_bhin
041 _2hin
_ahin
082 _aO152,1N07:g, L0
100 _aयादव, शोभानाथ
245 0 _aकवियत्री महादेवी वर्मा
246 _aKaviyatrī hinādevī varmā
260 _aबम्बई
_b बोरा एण्ड कम्पनी
_c1970
300 _a347 पृ.
_ccm.
650 _aहिन्दी साहित्य
_9156264
942 _hO152,1N07:g, L0
_cTEXL
_2CC
999 _c334038
_d334038